El maestro Arnau de Vilanova, médico / (Record no. 117406)

MARC details
000 -LEADER
campo de control de longitud fija 00860nam a2200217 4500
001 - NÚMERO DE CONTROL
campo de control 117406
003 - IDENTIFICADOR DE NÚMERO DE CONTROL
campo de control ES-MaACL
005 - FECHA Y HORA DE LA ÚLTIMA TRANSACCIÓN
campo de control 20250806074224.0
007 - CAMPO FIJO DE DESCRIPCIÓN FÍSICA--INFORMACIÓN GENERAL
campo de control de longitud fija t|
008 - DATOS DE LONGITUD FIJA--INFORMACIÓN GENERAL
campo de control de longitud fija 070302s1969 sp r ||||1| spa d
100 1# - ENTRADA PRINCIPAL--NOMBRE DE PERSONA
Nombre de persona Paniagua Arellano, Juan Antonio.
9 (RLIN) 88785
245 13 - MENCIÓN DEL TÍTULO
Título El maestro Arnau de Vilanova, médico /
Mención de responsabilidad, etc. Juan A. Paniagua.
260 ## - PUBLICACIÓN, DISTRIBUCIÓN, ETC.
Lugar de publicación, distribución, etc. Valencia :
Nombre del editor, distribuidor, etc. Cátedra e Instituto de Historia de la Medicina,
Fecha de publicación, distribución, etc. 1969.
300 ## - DESCRIPCIÓN FÍSICA
Extensión 92 p. ;
Dimensiones 22 cm.
490 1# - MENCIÓN DE SERIE
Mención de serie Cuadernos valencianos de historia de la medicina y de la ciencia. Serie A. Monografías ;
Designación de volumen o secuencia 8
500 ## - NOTA GENERAL
Nota general Ejemplar multicopista.
710 2# - ENTRADA AGREGADA--NOMBRE DE ENTIDAD CORPORATIVA
Nombre de entidad corporativa o nombre de jurisdicción como elemento de entrada Universidad de Valencia.
Unidad subordinada Cátedra de Historia de la Medicina.
9 (RLIN) 7315
830 00 - PUNTO DE ACCESO ADICIONAL DE SERIE-TÍTULO UNIFORME
Título uniforme Cuadernos valencianos de historia de la medicina y de la ciencia
Designación de volumen o secuencia 8
9 (RLIN) 181644
852 ## - LOCALIZACIÓN
Ubicación ES-MaACL
Número de control de estantería C-48503
Sublocalización o colección R.69590
Holdings
Estatus retirado Estado de pérdida Estado de daño No para préstamo Biblioteca de origen Biblioteca actual Ubicación en estantería Fecha de adquisición Fuente de adquisición Total de préstamos Signatura topográfica completa Código de barras Visto por última vez Precio de reemplazo Tipo de ítem Koha
        Biblioteca del Ateneo de Madrid Biblioteca del Ateneo de Madrid Depósito 2 17/01/2008     C-48503 1122407 23/02/2023 23/02/2023 Libro impreso